000 00660nam a2200193 i 4500
001 91703
003 ES-MaACL
005 20260103153212.0
007 t|
008 050208q19801999sp ||||1| spa d
080 _a821.134.2 Somoza, José 1.06
100 1 _aVilar, Juan Bautista,
_d1941-2018
_9114797
245 1 4 _aLas ideas religiosas del poeta José Somoza, heteredoxo en la España isabelina /
_cJuan-Baustista Vilar.
260 _a[S.l. :
_bs.n.,
_c198-?]
300 _ap. 423-439 ;
_c24 cm.
600 1 4 _aSomoza, José,
_d1781-1852-
_xCrítica e interpretación
_9107285
852 _aES-MaACL
_j2186-F-9
_bR.135348
999 _c91703
_d91703